| 000 | 00914nam1a2200325 i 4500 | ||
|---|---|---|---|
| 001 | RU\NLR\bibl\966133 | ||
| 005 | 20260405105052.0 | ||
| 010 | _a5-7358-0292-5 | ||
| 035 | _a(NLR Aleph) 000954133 | ||
| 090 |
_a298408 _c298408 |
||
| 100 | _a20060710g20069999u y0rusy50 ca | ||
| 101 | 0 | _arus | |
| 102 | _aRU | ||
| 105 | _a||||z ||||| | ||
| 200 | 1 |
_aИзбранное _fГригорий Свирский |
|
| 210 |
_aМосква _cПик _d2006 |
||
| 215 | _d22 | ||
| 463 | 0 | _1001957176 | |
| 463 | 0 | _1001983019 | |
| 463 | 0 | _1001976141 | |
| 463 | 0 | _10011026770 | |
| 463 | 0 | _10011193923 | |
| 686 | _aШ6(2=Р)6я44 | ||
| 700 | 1 |
_4070 _7ca _8rus _aСвирский _bГ. Ц. _f1921- _gГригорий Цезаревич _923386 _3RU\NLR\auth\7740434 |
|
| 801 | 0 |
_aRU _bNLR _c20060710 _grcr |
|
| 801 | 1 |
_aRU _bNLR _c20060710 |
|
| 852 |
_aNLR _j2006-5/4371 |
||
| 942 | _cBOOK | ||